[Event "Aeroflot Open B 2017"]
[Site "Moscow RUS"]
[Date "2017.02.23"]
[Round "3.4"]
[White "Battaglini, Gabriel"]
[Black "Evdokimov, Alexander A."]
[Result "1/2-1/2"]
[WhiteTitle "IM"]
[BlackTitle "GM"]
[WhiteElo "2444"]
[BlackElo "2492"]
[WhiteFideId "621650"]
[BlackFideId "4139275"]
[EventDate "2017.02.21"]

1. d4 Nf6 2. c4 e6 3. Nc3 Bb4 4. g3 O-O 5. Bg2 d5 6. a3 Be7 7. Nf3 dxc4 8. Ne5
Nc6 9. Bxc6 bxc6 10. Nxc6 Qd6 11. Nxe7+ Qxe7 12. Qa4 Bb7 13. O-O c5 14. Qxc4
cxd4 15. Qxd4 e5 16. Qh4 Qe6 17. e4 Rac8 18. f3 Qb6+ 19. Rf2 h6 20. Kg2 Rfd8 21.
Re2 Rd3 22. g4 Ba6 23. Re1 Nd7 24. Qf2 Qxf2+ 25. Kxf2 Nc5 26. Be3 Rxc3 27. bxc3
Nd3+ 28. Kg3 Nxe1 29. Rxe1 Rxc3 30. Bxa7 Rxa3 1/2-1/2

[Event "Aeroflot Open B 2017"]
[Site "Moscow RUS"]
[Date "2017.02.23"]
[Round "3.5"]
[White "Kozionov, Kirill"]
[Black "Gasanov, Eldar"]
[Result "1/2-1/2"]
[WhiteTitle "IM"]
[BlackTitle "GM"]
[WhiteElo "2439"]
[BlackElo "2479"]
[WhiteFideId "24101729"]
[BlackFideId "14104466"]
[EventDate "2017.02.21"]

1. e4 c5 2. Nf3 d6 3. d4 Nf6 4. Nc3 cxd4 5. Nxd4 Bd7 6. Bg5 e6 7. Qd2 a6 8. f3
Be7 9. O-O-O b5 10. h4 h6 11. Be3 h5 12. Kb1 Nc6 13. Nxc6 Bxc6 14. Ne2 Bb7 15.
Bg5 Qc7 16. Nd4 Rd8 17. Bd3 g6 18. Qe2 e5 19. Nb3 Kf8 20. c4 Kg7 21. cxb5 axb5
22. Rc1 Qb8 23. Bxb5 d5 24. Na5 dxe4 25. Nxb7 Qxb7 26. fxe4 Rd6 27. Rhd1 Rhd8
28. Rxd6 Rxd6 29. Bxf6+ Bxf6 30. g3 Bd8 31. Bc4 Bb6 32. Bd5 Qe7 33. a3 Bd4 34.
Rc2 Rf6 35. Qg2 Qd7 36. Bc4 Qg4 37. Be2 Qd7 38. Bc4 Qg4 39. Be2 Qd7 40. Bc4 1/2-1/2

[Event "Aeroflot Open B 2017"]
[Site "Moscow RUS"]
[Date "2017.02.23"]
[Round "3.6"]
[White "Lin, Chen"]
[Black "Makhmutov, Rail"]
[Result "1/2-1/2"]
[WhiteTitle "GM"]
[BlackTitle "FM"]
[WhiteElo "2478"]
[BlackElo "2437"]
[WhiteFideId "8602298"]
[BlackFideId "4122151"]
[EventDate "2017.02.21"]

1. d4 Nf6 2. Nf3 d5 3. Bf4 c5 4. e3 Nc6 5. c3 Qb6 6. Qb3 c4 7. Qc2 Bf5 8. Qc1 e6
9. Be2 Be7 10. Nbd2 Qd8 11. Ne5 Nxe5 12. Bxe5 h6 13. b3 b5 14. a4 a6 15. O-O O-O
16. Bxf6 Bxf6 17. axb5 axb5 18. Qb2 Qc7 1/2-1/2

[Event "Aeroflot Open B 2017"]
[Site "Moscow RUS"]
[Date "2017.02.23"]
[Round "3.8"]
[White "Yudin, Sergei"]
[Black "Vokhidov, Shamsiddin"]
[Result "1/2-1/2"]
[WhiteTitle "GM"]
[BlackTitle "IM"]
[WhiteElo "2523"]
[BlackElo "2355"]
[WhiteFideId "4159659"]
[BlackFideId "14204223"]
[EventDate "2017.02.21"]

1. e4 c5 2. Nf3 e6 3. g3 Nc6 4. Bg2 d5 5. exd5 exd5 6. d4 Nf6 7. O-O Be7 8. Nc3
O-O 9. Re1 h6 10. h3 Bf5 11. Be3 c4 12. Ne5 Bb4 13. Nxc6 bxc6 14. Bd2 Rb8 15.
Na4 Bd6 16. b3 Qd7 17. g4 Be4 18. f3 Bh7 19. Nc5 Qd8 20. f4 Bxc5 21. dxc5 Be4
22. Bf1 Nd7 23. bxc4 Nxc5 24. Be3 Ne6 25. cxd5 cxd5 26. Bd3 Qc7 27. Qd2 Bxd3 28.
Qxd3 Nxf4 29. Bxf4 Qxf4 30. Qxd5 Rfd8 31. Qe5 Qc4 32. Re2 Rb6 33. Qe7 Rbd6 34.
Rf2 Qc3 35. Qxf7+ Kh8 36. Raf1 Qxh3 37. Qf3 Qxf3 38. Rxf3 Rc6 39. R1f2 Rd4 40.
Rg2 Rdc4 41. g5 hxg5 42. Rxg5 Rxc2 43. Rf8+ Kh7 44. Rf7 Rc1+ 45. Kf2 Rf6+ 46.
Rxf6 gxf6 47. Ra5 Rc7 48. Kf3 Kg6 49. Kf4 Rb7 50. Ra6 Rd7 51. Ra5 Rc7 52. Ra6
Rc4+ 53. Kf3 Rc7 54. Kf4 Rb7 55. Ra5 Rc7 1/2-1/2

[Event "Aeroflot Open B 2017"]
[Site "Moscow RUS"]
[Date "2017.02.23"]
[Round "3.9"]
[White "Sivuk, Vitaly"]
[Black "Atabayev, Saparmyrat"]
[Result "1/2-1/2"]
[WhiteTitle "GM"]
[BlackTitle "FM"]
[WhiteElo "2520"]
[BlackElo "2422"]
[WhiteFideId "14116502"]
[BlackFideId "14000571"]
[EventDate "2017.02.21"]

1. e4 c5 2. Nf3 d6 3. d4 cxd4 4. Nxd4 Nf6 5. Nc3 a6 6. h3 e6 7. g4 d5 8. exd5
Nxd5 9. Nde2 Nxc3 10. Qxd8+ Kxd8 11. Nxc3 Bd7 12. Bg2 Bc6 13. O-O Bxg2 14. Kxg2
Nd7 15. Bf4 Rc8 16. Rad1 Ke8 17. Rd3 Be7 18. Rfd1 Nc5 19. Re3 Rd8 20. Rxd8+ Kxd8
21. Be5 h5 22. f3 hxg4 23. hxg4 Rg8 24. a4 Nd7 25. Rd3 Kc8 26. Bd4 Nc5 27. Rd1
Rd8 28. b3 f6 29. f4 Nd7 30. Be3 Bc5 31. Rd3 Bxe3 32. Rxe3 e5 33. f5 Nc5 34. b4
Rd2+ 35. Kf3 Nd7 36. Re2 Rxe2 37. Kxe2 Kc7 38. Kd3 Kc6 39. Ne4 a5 40. c3 Nb6 41.
g5 fxg5 42. Nxg5 Kd5 43. bxa5 Nc4 44. Ne6 e4+ 45. Ke2 Ke5 46. Nxg7 Nxa5 47. Kf2
Nc4 48. Kg3 b6 49. Kg4 Ne3+ 50. Kg5 Nd5 51. Nh5 e3 52. Ng3 Nxc3 53. f6 e2 54.
Nxe2 Nxe2 55. f7 Nf4 56. f8=N Ne6+ 57. Nxe6 Kxe6 58. Kf4 Kd5 59. Ke3 Kc4 60. a5
bxa5 1/2-1/2

[Event "Aeroflot Open B 2017"]
[Site "Moscow RUS"]
[Date "2017.02.23"]
[Round "3.13"]
[White "Fakhrutdinov, Timur"]
[Black "Potapov, Pavel"]
[Result "1/2-1/2"]
[WhiteTitle "FM"]
[BlackTitle "GM"]
[WhiteElo "2430"]
[BlackElo "2493"]
[WhiteFideId "24176702"]
[BlackFideId "4169786"]
[EventDate "2017.02.21"]

1. e4 c5 2. Nf3 Nc6 3. d4 cxd4 4. Nxd4 e5 5. Nb5 d6 6. N1c3 a6 7. Na3 Be7 8. Nc4
b5 9. Ne3 Nf6 10. g3 O-O 11. Bg2 b4 12. Ncd5 Nxd5 13. Nxd5 Bg5 14. Bxg5 Qxg5 15.
O-O Rb8 16. f4 Qd8 17. Qd2 Bb7 18. a3 bxa3 19. Rxa3 Nd4 20. c3 Bxd5 21. cxd4 Bc4
22. Rc1 Bb5 23. fxe5 dxe5 24. d5 f5 25. exf5 Rxf5 26. Rac3 Qd6 27. Bh3 Rff8 28.
Be6+ Kh8 29. Qe3 Qb4 30. b3 e4 31. Rc7 h6 32. Qc3 Qxc3 33. R7xc3 Rbd8 34. Rc8 e3
35. Rxd8 Rxd8 36. Rc8 Rxc8 37. Bxc8 Kg8 38. d6 Kf7 39. b4 Be2 40. Kg2 Kf6 41. h4 1/2-1/2

[Event "Aeroflot Open B 2017"]
[Site "Moscow RUS"]
[Date "2017.02.23"]
[Round "3.14"]
[White "Kazakovskiy, Valeriy"]
[Black "Belyakov, Bogdan"]
[Result "1-0"]
[WhiteTitle "IM"]
[BlackTitle "IM"]
[WhiteElo "2429"]
[BlackElo "2487"]
[WhiteFideId "13507443"]
[BlackFideId "24104795"]
[EventDate "2017.02.21"]

1. d4 Nf6 2. Nf3 g6 3. c4 Bg7 4. g3 O-O 5. Bg2 d6 6. O-O c5 7. dxc5 dxc5 8. Ne5
Qc7 9. Nd3 Be6 10. Qb3 Nc6 11. Nxc5 Bc8 12. Bf4 e5 13. Be3 Ng4 14. Na3 Na5 15.
Qc3 e4 16. Bd4 Bxd4 17. Qxd4 Rd8 18. Nb5 Qb6 19. Qc3 Qxc5 20. Qxa5 Be6 21. Qa3
Qxa3 22. Nxa3 e3 23. f4 Rd2 24. Bf3 Nf2 25. Rac1 Bg4 26. Bxg4 Nxg4 27. Rc2 Rad8
28. Rfc1 f5 29. Kg2 a6 30. c5 R2d5 31. b4 h6 32. Nc4 Rd4 33. a3 Re8 34. Rc3 Rd2
35. R1c2 Rd4 36. h3 Nf6 37. Rxe3 Rxe3 38. Nxe3 Re4 39. Kf3 Kf7 40. Nc4 Re7 41.
Nd6+ Ke6 42. e4 fxe4+ 43. Nxe4 Nd5 44. Rd2 Rc7 45. Rd3 a5 46. b5 Rc8 47. a4 Rc7
48. b6 Rc8 49. Nd6 Rxc5 50. Nxb7 Rc8 51. Nc5+ Kd6 52. Na6 Kc6 53. Rxd5 1-0

[Event "Aeroflot Open B 2017"]
[Site "Moscow RUS"]
[Date "2017.02.23"]
[Round "3.15"]
[White "Dvalishvili, Pavel S."]
[Black "Tsydypov, Zhamsaran"]
[Result "1/2-1/2"]
[WhiteTitle "IM"]
[BlackTitle "IM"]
[WhiteElo "2420"]
[BlackElo "2485"]
[WhiteFideId "4121996"]
[BlackFideId "4108566"]
[EventDate "2017.02.21"]

1. e4 c5 2. Nf3 d6 3. d4 cxd4 4. Nxd4 Nf6 5. Nc3 a6 6. f4 Qc7 7. Qe2 e5 8. Nf5
Nc6 9. g4 g6 10. Ne3 Nd4 11. Qd1 d5 12. g5 Nxe4 13. Ncxd5 Qa5+ 14. c3 Be6 15.
Bg2 Bxd5 16. Nxd5 Qxd5 17. cxd4 Bb4+ 18. Kf1 Rc8 19. Qa4+ Kd8 20. Qxb4 Rc2 21.
Qb3 Qc6 22. Qe3 Qc4+ 23. Kg1 exf4 24. Qxe4 Re8 25. Qxc2 Re1+ 26. Kf2 Qxc2+ 27.
Kxe1 Qxg2 28. Rf1 Qe4+ 29. Kf2 Qxd4+ 30. Kg2 Qd5+ 31. Kf2 Qxg5 32. Bd2 Qc5+ 33.
Kg2 Qc6+ 34. Kg1 Qb6+ 35. Kh1 g5 36. Bc3 h5 37. Rad1+ Kc8 38. Rd5 f6 39. Rfd1
Qe3 40. Rd8+ Kc7 41. R1d7+ Kc6 42. Rd6+ Kb5 43. Rd5+ Kc6 44. R8d6+ Kc7 45. Rd7+
Kb8 46. Rd8+ Kc7 47. Ba5+ b6 48. R8d7+ Kc8 49. Rd8+ 1/2-1/2

[Event "Aeroflot Open B 2017"]
[Site "Moscow RUS"]
[Date "2017.02.23"]
[Round "3.16"]
[White "Korchmar, Vasiliy"]
[Black "Shtembuliak, Evgeny"]
[Result "1/2-1/2"]
[WhiteTitle "IM"]
[BlackTitle "IM"]
[WhiteElo "2409"]
[BlackElo "2477"]
[WhiteFideId "24131750"]
[BlackFideId "14113325"]
[EventDate "2017.02.21"]

1. d4 Nf6 2. c4 Nc6 3. Nf3 d6 4. g3 e5 5. Bg2 Be7 6. Nc3 O-O 7. O-O Bg4 8. Be3
Nd7 9. Nd5 Re8 10. Nxe7+ Qxe7 11. d5 Ncb8 12. b4 a5 13. a3 f5 14. c5 axb4 15.
axb4 Rxa1 16. Qxa1 Bxf3 17. exf3 dxc5 18. bxc5 Nxc5 19. Qb1 g6 20. Bxc5 Qxc5 21.
Qxb7 Nd7 22. Rd1 Rb8 23. Qc6 Qxc6 24. dxc6 Nf6 25. g4 fxg4 26. fxg4 Nxg4 27. Rd7
Rb1+ 28. Bf1 Nxh2 29. Kxh2 Rxf1 30. Kg2 Rc1 31. Rxc7 Rc3 32. Kh2 h5 33. Kg2 Kf8
34. Kh2 Ke8 35. Kg2 e4 36. Kh2 Kf8 37. Kg2 Ke8 38. Kh2 Rc5 39. Kg3 Kd8 40. Rd7+
Kc8 41. Rd6 g5 42. Rh6 Rc3+ 43. Kg2 h4 44. Rg6 Rc5 45. Re6 Rc4 46. Rg6 Rc5 47.
Re6 Kc7 48. Rxe4 Kxc6 49. Rg4 Rf5 50. f4 gxf4 51. Rxh4 f3+ 52. Kf2 Kd5 53. Rh3
Ke4 54. Rh4+ Rf4 55. Rxf4+ Kxf4 56. Kf1 Kg3 57. Kg1 f2+ 58. Kf1 Kf3 1/2-1/2

[Event "Aeroflot Open B 2017"]
[Site "Moscow RUS"]
[Date "2017.02.23"]
[Round "3.17"]
[White "Pustovoitova, Daria"]
[Black "Diermair, Andreas"]
[Result "1/2-1/2"]
[WhiteTitle "FM"]
[BlackTitle "IM"]
[WhiteElo "2407"]
[BlackElo "2465"]
[WhiteFideId "4182146"]
[BlackFideId "1612468"]
[EventDate "2017.02.21"]

1. e4 e5 2. Nf3 Nc6 3. Bb5 a6 4. Ba4 Nf6 5. O-O Be7 6. Re1 b5 7. Bb3 d6 8. c3
O-O 9. h3 Na5 10. Bc2 d5 11. exd5 e4 12. Bxe4 Nxe4 13. Rxe4 Re8 14. d4 Bb7 15.
Bf4 Qxd5 16. Re5 Qd7 17. Nbd2 f6 18. Re3 Bd5 19. b3 Nb7 20. c4 Bf7 21. Qc2 Bg6
22. Qc3 c6 23. c5 Bf8 24. Rxe8 Rxe8 25. a4 Nd8 26. axb5 axb5 27. Ra6 Ne6 28. Be3
Nc7 29. Ra7 Qc8 30. Qa5 Nd5 31. Nf1 Bd3 32. Qa6 Qe6 33. Ra8 Rxa8 34. Qxa8 g5 35.
Bd2 Be4 36. Ng3 Bxf3 37. gxf3 Ne7 38. Ne4 Nf5 39. d5 cxd5 40. Qxd5 Qxd5 41.
Nxf6+ Kf7 42. Nxd5 Bxc5 43. b4 Bd6 44. Bxg5 Nd4 45. Be3 Nxf3+ 46. Kf1 Ke6 47.
Nc3 Bxb4 48. Nxb5 Kf5 49. Nd4+ 1/2-1/2

[Event "Aeroflot Open B 2017"]
[Site "Moscow RUS"]
[Date "2017.02.23"]
[Round "3.18"]
[White "Gurvich, Vitaly"]
[Black "Zakhartsov, Vladimir"]
[Result "0-1"]
[WhiteTitle "FM"]
[BlackTitle "IM"]
[WhiteElo "2342"]
[BlackElo "2453"]
[WhiteFideId "24164852"]
[BlackFideId "4145097"]
[EventDate "2017.02.21"]

1. d4 Nf6 2. c4 e6 3. Nf3 b6 4. g3 Ba6 5. b3 c6 6. Bg2 d5 7. Nbd2 Be7 8. O-O
Nbd7 9. Bb2 Rc8 10. Re1 O-O 11. e4 dxe4 12. Nxe4 c5 13. Nxf6+ Bxf6 14. Qe2 Bb7
15. Rad1 cxd4 16. Nxd4 Bxg2 17. Kxg2 a6 18. Rd2 Rc7 19. Red1 Qa8+ 20. Nf3 Bxb2
21. Rxd7 Rxd7 22. Rxd7 Bf6 23. a4 Rd8 24. Rxd8+ Bxd8 25. Kg1 Be7 26. Qd3 a5 27.
Nd2 Qd8 28. Qxd8+ Bxd8 29. Kf1 f5 30. Ke2 Be7 31. Nf3 Kf7 32. Ne5+ Ke8 33. f4
Bd6 34. Nd3 Kd7 35. Ke3 Bc5+ 36. Kf3 Kd6 37. h3 Bd4 38. Ke2 e5 39. fxe5+ Bxe5
40. Kf3 Bd4 41. Kf4 g6 42. Kf3 Bc5 43. Kf4 Ke6 44. Kf3 Bd6 45. Kg2 g5 46. Kf3
Kf6 47. g4 h5 48. gxh5 Kg7 49. Ne1 Kh6 50. Ng2 Kxh5 51. Ne3 Kg6 52. Nd5 Bc5 53.
Kg3 Kf7 54. Kf3 Ke6 55. Nc7+ Kd6 56. Ne8+ Ke5 57. Ng7 Bf8 58. Nh5 Kd4 59. Ng3 f4
60. Ne4 Be7 61. Nd2 Kc3 62. Ke2 Kc2 63. Nf3 Kxb3 64. Kd3 Kxa4 0-1

[Event "Aeroflot Open B 2017"]
[Site "Moscow RUS"]
[Date "2017.02.23"]
[Round "3.19"]
[White "Triapishko, Alexandr"]
[Black "Salman, Pavel"]
[Result "1/2-1/2"]
[BlackTitle "FM"]
[WhiteElo "2500"]
[BlackElo "2197"]
[WhiteFideId "14122286"]
[BlackFideId "24153753"]
[EventDate "2017.02.21"]

1. e4 c5 2. Nf3 e6 3. d3 Nc6 4. g3 g6 5. Bg2 Bg7 6. O-O Nge7 7. Re1 O-O 8. e5 d6
9. exd6 Nf5 10. Na3 Nxd6 11. Bg5 Qd7 12. c3 e5 13. Qb3 Qc7 14. Nd2 Be6 15. Qa4
Bd7 16. Ndc4 h6 17. Be3 Ne7 18. Qb3 Rab8 19. Nxd6 Qxd6 20. d4 cxd4 21. cxd4 Be6
22. Qa4 Qa6 23. Qxa6 bxa6 24. dxe5 Rxb2 25. Bc5 Re8 26. Bf1 Rxa2 27. Rxa2 Bxa2
28. Bxa6 Nf5 29. f4 Bf8 30. Bxf8 Kxf8 31. Ra1 Bd5 32. Nb5 Rb8 33. g4 Ne3 34. h3
h5 35. Kf2 Nc2 36. Rd1 Nb4 37. Nc7 Bb3 38. Rd6 hxg4 39. hxg4 Nxa6 40. Nxa6 Rc8
41. Kg3 Be6 42. Kh4 Kg7 43. Nb4 Rc4 44. Nd3 Rc2 45. f5 gxf5 46. Nf4 fxg4 47.
Nxe6+ fxe6 48. Rxe6 Kf7 49. Rf6+ Ke7 50. Kxg4 Re2 51. Ra6 Rxe5 52. Rxa7+ 1/2-1/2

[Event "Aeroflot Open B 2017"]
[Site "Moscow RUS"]
[Date "2017.02.23"]
[Round "3.21"]
[White "Gorbatov, Alexej"]
[Black "Sviridov, Valery"]
[Result "1/2-1/2"]
[WhiteTitle "IM"]
[WhiteElo "2374"]
[BlackElo "2515"]
[WhiteFideId "4111834"]
[BlackFideId "4120680"]
[EventDate "2017.02.21"]

1. e4 d6 2. Bc4 g6 3. Nc3 Bg7 4. f4 e6 5. Nf3 Ne7 6. Qe2 c5 7. d3 Nbc6 8. a3 a6
9. Ba2 b5 10. Qf2 Nd4 11. Nxd4 Bxd4 12. Be3 Bg7 13. O-O O-O 14. Rae1 b4 15. axb4
cxb4 16. Na4 Bb7 17. Bb3 Bc6 18. Nb6 Rb8 19. Nc4 Bb5 20. Bd4 Bxd4 21. Qxd4 Bxc4
22. Bxc4 Nc6 23. Qe3 Qb6 24. Qxb6 Rxb6 25. f5 gxf5 26. exf5 d5 27. Bb3 Nd4 28.
Rf4 Nxb3 29. cxb3 Rc8 30. f6 Kh8 31. Rg4 Rg8 32. Rxg8+ Kxg8 33. Rc1 h6 34. Rc7
Rb5 35. g4 Ra5 36. h4 Ra2 37. h5 Rxb2 38. Rc8+ Kh7 39. Rf8 Rxb3 40. Rxf7+ Kg8
41. Rg7+ Kf8 42. g5 hxg5 43. h6 Rxd3 44. Kg2 Rd4 45. h7 Rh4 46. Rg8+ Kf7 47.
h8=Q Rxh8 48. Rxh8 Kxf6 49. Ra8 Ke5 50. Rxa6 Kd4 51. Rxe6 b3 52. Rb6 Kc3 53.
Rc6+ Kd3 54. Rb6 Kc2 55. Rc6+ 1/2-1/2

[Event "Aeroflot Open B 2017"]
[Site "Moscow RUS"]
[Date "2017.02.23"]
[Round "3.22"]
[White "Sindarov, Javokhir"]
[Black "Moiseenko, Vadim"]
[Result "1-0"]
[WhiteTitle "CM"]
[BlackTitle "IM"]
[WhiteElo "2374"]
[BlackElo "2508"]
[WhiteFideId "14205483"]
[BlackFideId "4123700"]
[EventDate "2017.02.21"]

1. e4 c6 2. d4 d5 3. Nd2 dxe4 4. Nxe4 Nf6 5. Nxf6+ exf6 6. Be2 Bd6 7. Bf3 O-O 8.
Ne2 Re8 9. O-O Qc7 10. h3 Nd7 11. c4 b6 12. Nc3 Bb7 13. Be3 Rad8 14. Qc2 Nf8 15.
Rfe1 Ng6 16. g3 f5 17. c5 bxc5 18. dxc5 Be5 19. Bg5 f6 20. Be3 f4 21. gxf4 Bxf4
22. Ne4 Nh4 23. Bh5 Bh2+ 24. Kh1 Re5 25. Qc4+ Rdd5 26. Nd6 Rxh5 27. Bf4 h6 28.
Bxh2 Ng6 29. Qg4 Kh7 30. Re8 Rxd6 31. Qxh5 Qf7 32. cxd6 c5+ 33. Kg1 Qxe8 34. Qf5
Qc6 35. f3 Bc8 36. Qe4 Qb5 37. Rd1 Bxh3 38. b3 c4 39. Bg3 c3 40. Qc4 Qg5 41. Kf2
Bd7 42. Qxc3 f5 43. Rd5 Qd8 44. Qd3 Qf6 45. Qd4 Qf7 46. Kg1 Nf8 47. Ra5 a6 48.
Rxa6 Ne6 49. Qe3 Qg6 50. Kf2 Ng5 51. Ke1 Qh5 52. Kd2 Nxf3+ 53. Kc3 Ng5 54. Ra7
Ne4+ 55. Kb2 Qe8 56. a4 Qe6 57. a5 Qf6+ 58. Ka3 Be6 59. Re7 Qa1+ 60. Kb4 Bxb3
61. Qxb3 Qd4+ 62. Kb5 Qc5+ 63. Ka6 Nxd6 64. Qa4 Qc8+ 65. Ka7 Qc5+ 66. Ka6 Qc8+
67. Kb6 Nc4+ 68. Ka7 Qc5+ 69. Ka6 Nxa5 70. Qd7 Qc4+ 71. Kxa5 Qc3+ 72. Ka6 Qxg3
73. Qxf5+ Qg6+ 74. Qxg6+ Kxg6 75. Kb5 Kf6 76. Ra7 h5 77. Kc4 g5 78. Kd3 Kf5 79.
Ke3 Kg4 80. Kf2 1-0

[Event "Aeroflot Open B 2017"]
[Site "Moscow RUS"]
[Date "2017.02.23"]
[Round "3.23"]
[White "Deviatkin, Andrei"]
[Black "Kakabaev, Mergen"]
[Result "1/2-1/2"]
[WhiteTitle "GM"]
[BlackTitle "FM"]
[WhiteElo "2485"]
[BlackElo "2329"]
[WhiteFideId "4121260"]
[BlackFideId "14002990"]
[EventDate "2017.02.21"]

1. d4 d5 2. Nf3 Nf6 3. c4 c6 4. cxd5 cxd5 5. Nc3 Nc6 6. Bf4 e6 7. e3 Bd6 8. Bd3
O-O 9. O-O Bxf4 10. exf4 Qd6 11. Qd2 Bd7 12. Rac1 Rac8 13. g3 a6 14. Rfd1 Rc7
15. Kg2 Rfc8 16. Re1 g6 17. h4 Be8 18. Bb1 Na5 19. b3 Qb4 20. Ne2 Qxd2 21. Nxd2
Rxc1 22. Rxc1 Rxc1 23. Nxc1 Nc6 24. Ne2 Kf8 25. f3 Ke7 26. Kf2 Bd7 27. Ke3 Ne8
28. g4 Nd6 29. Nc3 Nb5 30. Nxb5 axb5 31. a3 b4 32. axb4 Nxb4 33. Nf1 f5 34. Kd2
Kd6 35. Kc3 Na6 36. Ng3 Nc7 37. Bc2 Kc6 38. Bd3 Kb6 39. h5 Bb5 40. Bc2 Ba6 41.
h6 Nb5+ 42. Kd3 Ka5 43. Nh1 Kb4 44. Nf2 Nd6+ 45. Kd2 Nf7 46. Nh3 Bb5 47. Ng5
Nxg5 48. fxg5 Be8 49. gxf5 exf5 50. f4 1/2-1/2

[Event "Aeroflot Open B 2017"]
[Site "Moscow RUS"]
[Date "2017.02.23"]
[Round "3.25"]
[White "Yeletsky, Ivan"]
[Black "Kjartansson, Gudmundur"]
[Result "1/2-1/2"]
[WhiteTitle "FM"]
[BlackTitle "IM"]
[WhiteElo "2369"]
[BlackElo "2464"]
[WhiteFideId "24180327"]
[BlackFideId "2301318"]
[EventDate "2017.02.21"]

1. d4 d5 2. c4 e6 3. Nf3 Nf6 4. Nc3 c6 5. e3 Nbd7 6. Qc2 Bd6 7. Bd3 O-O 8. O-O
dxc4 9. Bxc4 e5 10. Bb3 Qc7 11. Rd1 exd4 12. exd4 Bf4 13. Qf5 Bxc1 14. Raxc1 Qd6
15. Ng5 Nb6 16. Nce4 Qxh2+ 17. Kxh2 Bxf5 18. Nd6 h6 19. Ngxf7 Nfd5 20. Ne5 Rab8
21. a4 Be6 22. a5 Na8 23. Ne4 Nac7 24. f3 Rfd8 25. Nc5 Nf4 26. Nxe6 Nfxe6 27. a6
Rd6 28. axb7 Rxb7 29. Rd3 Rb6 30. Nc4 Rxb3 31. Rxb3 Rxd4 32. Ne5 c5 33. Rd3 Rh4+
34. Kg1 Rb4 35. b3 Rh4 36. g4 h5 37. Rc2 hxg4 38. fxg4 Rh6 39. Rh2 Rf6 40. Rf2
Rh6 41. Rd7 Nb5 42. Rb7 Nd6 43. Rxa7 Ne4 44. Rh2 Rxh2 45. Kxh2 Nd4 46. Rb7 Nd2
47. g5 g6 48. Rb8+ Kg7 49. Rb7+ Kg8 50. Rb6 Kh7 51. Rxg6 N2xb3 52. Rf6 Nd2 53.
Kg3 c4 54. Rf7+ Kg8 55. g6 Ne4+ 56. Kf4 Ne6+ 57. Ke3 N4c5 58. Ra7 Nf8 59. Rc7
Nfe6 60. Re7 Nf8 61. Kd4 Nce6+ 62. Ke4 c3 63. Ng4 c2 64. Nf6+ Kh8 65. g7+ Nxg7
66. Rc7 Nge6 67. Rxc2 Kg7 68. Ke5 Kf7 69. Nd5 Ng6+ 70. Kd6 Ng5 71. Rc7+ Kf8 72.
Ra7 Kg8 73. Nf6+ Kf8 74. Kd5 Ne7+ 75. Kc4 Ne6 76. Ra1 Kf7 77. Nd7 Kg6 78. Rf1
Nf5 79. Ne5+ Kg5 80. Rg1+ Kf4 81. Ng6+ Ke4 82. Rg4+ Kf3 83. Ne5+ Ke3 84. Nd3
Nd6+ 85. Kd5 Kxd3 86. Rg3+ Ke2 87. Kxd6 Nd4 88. Ke5 Nc2 89. Ke4 Kd2 90. Rh3 Ne1
91. Rg3 Nc2 92. Rd3+ Ke2 93. Rd8 Ne1 94. Ra8 Nc2 95. Rb8 Kd2 96. Rb3 Ke2 97. Rb8
Kd2 98. Rh8 Ne1 99. Rd8+ Kc1 100. Ra8 Nc2 101. Ra2 Kd2 102. Rxc2+ Kxc2 1/2-1/2

[Event "Aeroflot Open B 2017"]
[Site "Moscow RUS"]
[Date "2017.02.23"]
[Round "3.30"]
[White "Chen, Qi b"]
[Black "Murtazin, Bulat"]
[Result "1-0"]
[BlackTitle "FM"]
[WhiteElo "2328"]
[BlackElo "2425"]
[WhiteFideId "8614733"]
[BlackFideId "24151351"]
[EventDate "2017.02.21"]

1. e4 c5 2. Nc3 Nc6 3. Bb5 e6 4. Bxc6 bxc6 5. d3 Ne7 6. h4 e5 7. h5 Ng8 8. Nge2
d6 9. Ng3 h6 10. Qf3 Qf6 11. Qe2 Qe7 12. Bd2 Nf6 13. O-O-O Qb7 14. Rdf1 Be7 15.
f4 Bg4 16. Qe1 Rb8 17. b3 Nd7 18. Nf5 Bxf5 19. exf5 O-O 20. fxe5 dxe5 21. Ne4
Nf6 22. Qg3 Kh7 23. Qxe5 Nxe4 24. Qxe4 Bf6 25. Qc4 Qc7 26. Bc3 Bxc3 27. Qxc3 f6
28. Kb1 Rfe8 29. Re1 Qg3 30. Rxe8 Rxe8 31. Qxc5 Qxg2 32. Rg1 Qe2 33. Qxa7 Re7
34. Qc5 Re5 35. Qf8 Re7 36. a4 c5 37. Rg4 Qe1+ 38. Kb2 Qe5+ 39. Ka2 Qh2 40. Rc4
Re1 41. Qf7 Qf2 42. Kb2 Qxf5 43. Qg6+ Qxg6 44. hxg6+ Kxg6 45. d4 cxd4 46. a5 Re8
47. a6 h5 48. Rxd4 Kf5 49. Rd5+ Ke4 50. Rxh5 g5 51. b4 g4 52. b5 Ra8 53. Rh7 Kd5
54. Kb3 Kc5 55. c4 f5 56. Rf7 Rg8 57. Rxf5+ Kb6 58. Rf6+ Ka7 59. Rf7+ Ka8 60.
Kb4 g3 61. Rf1 g2 62. Rg1 Ka7 63. Ka5 Rg5 64. c5 Kb8 65. Kb6 Ka8 66. c6 Rg6 67.
Kc7 Rg7+ 68. Kd8 Rg8+ 69. Ke7 Ka7 70. c7 Rg7+ 71. Kd6 Rg6+ 72. Kc5 Rg5+ 73. Kb4
Rg4+ 74. Ka5 Rg8 75. b6+ Ka8 76. c8=R+ Rxc8 77. b7+ Ka7 78. bxc8=N+ 1-0

[Event "Aeroflot Open B 2017"]
[Site "Moscow RUS"]
[Date "2017.02.23"]
[Round "3.31"]
[White "Duzhakov, Ilya"]
[Black "Esenov, Annaberdi"]
[Result "1/2-1/2"]
[WhiteTitle "FM"]
[BlackTitle "FM"]
[WhiteElo "2424"]
[BlackElo "2302"]
[WhiteFideId "4192516"]
[BlackFideId "14000644"]
[EventDate "2017.02.21"]

1. e4 c6 2. d4 d5 3. e5 Bf5 4. Nf3 e6 5. Be2 c5 6. O-O Nc6 7. Be3 Qb6 8. Nc3
Qxb2 9. Qe1 cxd4 10. Nxd4 Bb4 11. Nxf5 exf5 12. Bd2 Nge7 13. Rb1 Qxc2 14. Rc1
Qb2 15. Rb1 Qc2 16. Rc1 Qb2 17. Rb1 Qc2 1/2-1/2

[Event "Aeroflot Open B 2017"]
[Site "Moscow RUS"]
[Date "2017.02.23"]
[Round "3.32"]
[White "Danielyan, Vahe"]
[Black "Tran, Minh Thang"]
[Result "0-1"]
[WhiteTitle "FM"]
[BlackTitle "FM"]
[WhiteElo "2282"]
[BlackElo "2420"]
[WhiteFideId "13304828"]
[BlackFideId "12401080"]
[EventDate "2017.02.21"]

1. e4 c5 2. Nc3 a6 3. g3 b5 4. Bg2 Bb7 5. Nge2 e6 6. d4 cxd4 7. Nxd4 Nf6 8. a3
d6 9. O-O Nbd7 10. Re1 Qc7 11. a4 b4 12. Na2 e5 13. Nb3 Nc5 14. Nxb4 Ncxe4 15.
Nd3 h6 16. a5 Be7 17. Be3 Ng5 18. f4 Bxg2 19. fxg5 Bb7 20. gxf6 Qc6 21. Re2 Bxf6
22. Qf1 Qh1+ 23. Kf2 Qxh2+ 24. Ke1 Qxg3+ 25. Kd2 Qg4 26. Rae1 Rc8 27. Kc1 Qc4
28. Qh3 O-O 29. Kb1 Be4 30. Bxh6 Bxd3 31. cxd3 Qxb3 32. Rg1 Rfe8 33. Bxg7 Bxg7
34. Qg3 Kf8 35. Qxg7+ Ke7 36. Qg5+ Kd7 37. Qf5+ Qe6 38. Qf3 d5 39. Rg7 Re7 40.
Rf2 e4 41. dxe4 Qxe4+ 42. Qxe4 dxe4 43. Rfxf7 Rxf7 44. Rxf7+ Ke6 45. Rf2 Ke5 46.
Rc2 Rd8 47. b4 e3 48. Kb2 Ke4 49. Kb3 Rd1 50. Rc6 e2 51. Re6+ Kf3 52. b5 Rd3+ 0-1